Národný inovačný systém

Inovácie a technologický rozvoj. Efektívnosť národného inovačného systému. Aktéri transferu poznatkov v inovačnom systéme. Význam medzifiremnej spolupráce, ktorá je predpokladom efektívneho transferu, v rámci ktorej dochádza k rozvoju sociálneho kapitálu ako dôležitej zložky proinovačného prostredia...

Ausführliche Beschreibung

Gespeichert in:
Bibliographische Detailangaben
1. Verfasser: Vokoun, Jaroslav
Format: Buchkapitel
Sprache:Slowakisch
Schlagworte:
Tags: Tag hinzufügen
Keine Tags, Fügen Sie das erste Tag hinzu!

MARC

LEADER 00000nla$a2200000$$$4500
001 0080316
005 20220726075358.1
041 0 |a slo 
044 |a SK 
245 1 0 |a Národný inovačný systém  |c Jaroslav Vokoun 
520 |a Inovácie a technologický rozvoj. Efektívnosť národného inovačného systému. Aktéri transferu poznatkov v inovačnom systéme. Význam medzifiremnej spolupráce, ktorá je predpokladom efektívneho transferu, v rámci ktorej dochádza k rozvoju sociálneho kapitálu ako dôležitej zložky proinovačného prostredia. Úlohy podporného inovačného systému. 
610 2 0 |a inovácia 
610 2 0 |a technológia 
610 2 0 |a konkurencieschopnosť 
610 2 0 |a veda 
610 2 0 |a výskum 
100 1 |a Vokoun, Jaroslav